000 00534nam a2200205 i 4500
001 141541
003 ES-MaACL
005 20230906200321.0
007 t|
008 070925s1977 sp ||||1| spa d
100 1 _aVolin, V.
_9115693
245 1 3 _aLa revolución desconocida /
_cV. Volin.
250 _a[1ª ed.].
260 _a[Madrid] :
_bCampo Abierto,
_c[1977]
300 _a2 v. ;
_c20 cm.
490 1 _aEnsayo ;
_v2
830 0 _aEnsayo ;
_v2
_9177699
852 _aES-MaACL
_jA-6792-3
_bR.95764
999 _c141541
_d141541